Statistics for Countries of Eurasia

Click here to take the quiz!

General Stats

  • This quiz has been taken 17 times
    (5 since last reset)
  • The average score is 87 of 95

Answer Stats

ContinentYour answer% Correct
AsiaAfghanistan
100%
EuropeAndorra
100%
EuropeBelgium
100%
AsiaBhutan
100%
AsiaBrunei
100%
AsiaChina
100%
EuropeCzech Republic
100%
EuropeDenmark
100%
AsiaEast Timor
100%
Asia/AfricaEgypt
100%
EuropeEstonia
100%
EuropeFrance
100%
EuropeGermany
100%
EuropeGreece
100%
AsiaIndia
100%
AsiaIndonesia
100%
AsiaIran
100%
AsiaIraq
100%
EuropeIreland
100%
AsiaIsrael
100%
EuropeItaly
100%
AsiaJordan
100%
AsiaKazakhstan
100%
EuropeKosovo
100%
AsiaKuwait
100%
AsiaKyrgyzstan
100%
AsiaLaos
100%
EuropeLatvia
100%
AsiaLebanon
100%
EuropeLiechtenstein
100%
EuropeLithuania
100%
EuropeLuxembourg
100%
AsiaMalaysia
100%
AsiaMaldives
100%
AsiaMongolia
100%
AsiaMyanmar
100%
AsiaNepal
100%
EuropeNetherlands
100%
AsiaNorth Korea
100%
EuropeNorth Macedonia
100%
EuropeNorway
100%
AsiaOman
100%
AsiaPakistan
100%
EuropePortugal
100%
Europe/AsiaRussia
100%
EuropeSan Marino
100%
AsiaSaudi Arabia
100%
EuropeSlovenia
100%
AsiaSouth Korea
100%
EuropeSpain
100%
AsiaSri Lanka
100%
EuropeSweden
100%
AsiaSyria
100%
AsiaTaiwan
100%
AsiaTajikistan
100%
AsiaThailand
100%
Europe/AsiaTurkey
100%
AsiaTurkmenistan
100%
AsiaUnited Arab Emirates
100%
EuropeUnited Kingdom
100%
AsiaUzbekistan
100%
EuropeVatican City
100%
AsiaVietnam
100%
AsiaYemen
100%
EuropeAlbania
75%
Europe/AsiaArmenia
75%
EuropeAustria
75%
AsiaAzerbaijan
75%
AsiaBahrain
75%
AsiaBangladesh
75%
EuropeBelarus
75%
EuropeBulgaria
75%
AsiaCambodia
75%
EuropeCroatia
75%
Europe/AsiaCyprus
75%
EuropeFinland
75%
Europe/AsiaGeorgia
75%
EuropeHungary
75%
EuropeIceland
75%
AsiaJapan
75%
EuropeMalta
75%
EuropeMoldova
75%
EuropeMonaco
75%
AsiaPhilippines
75%
EuropePoland
75%
AsiaQatar
75%
EuropeRomania
75%
EuropeSerbia
75%
AsiaSingapore
75%
EuropeSlovakia
75%
EuropeSwitzerland
75%
EuropeUkraine
75%
EuropeBosnia and Herzegovina
50%
EuropeMontenegro
50%
AsiaPalestine
50%

Score Distribution

Percentile by Number Answered

Percent of People with Each Score

Your Score History

You have not taken this quiz since the last reset